[Event "DEM U12 2021"]
[Site "Willingen GER"]
[Date "2021.08.29"]
[Round "9"]
[White "Gärtner, Alessandro"]
[Black "Uyar, Levin"]
[Result "0-1"]
[Termination "normal"]
[Board "10"]
[WhiteElo "1332"]
[BlackElo "1048"]
[WhiteClock "00:06:41"]
[BlackClock "00:22:39"]
[PlyCount "104"]
[WhiteFideId "16268024"]
[BlackFideId "16282108"]
[EventCountry "GER"]
[EventRounds "9"]
[EventType "swiss"]
[EventDate "2021.08.22"]

1. d4 {[%clk 01:30:56]} {[%emt 00:00:03]} d5 {[%clk 01:30:46]} {[%emt
00:00:14]} 2. Bf4 {[%clk 01:31:10]} {[%emt 00:00:16]} Nf6 {[%clk 01:30:49]}
{[%emt 00:00:27]} 3. Nc3 {[%clk 01:31:22]} {[%emt 00:00:19]} c6 {[%clk
01:30:54]} {[%emt 00:00:25]} 4. e3 {[%clk 01:31:06]} {[%emt 00:00:46]} Bf5
{[%clk 01:31:07]} {[%emt 00:00:16]} 5. f3 {[%clk 01:30:40]} {[%emt 00:00:56]}
e6 {[%clk 01:26:56]} {[%emt 00:04:42]} 6. g4 {[%clk 01:30:15]} {[%emt
00:01:08]} Bg6 {[%clk 01:27:17]} 7. h4 {[%clk 01:30:05]} {[%emt 00:00:36]} h6
{[%clk 01:27:20]} {[%emt 00:00:27]} 8. Bd3 {[%clk 01:25:48]} {[%emt 00:04:46]}
Bxd3 {[%clk 01:27:33]} {[%emt 00:00:18]} 9. Qxd3 {[%clk 01:24:29]} {[%emt
00:01:48]} Bd6 {[%clk 01:27:00]} {[%emt 00:01:03]} 10. Nge2 {[%clk 01:24:10]}
{[%emt 00:00:49]} Qc7 {[%clk 01:26:34]} {[%emt 00:00:52]} 11. Bxd6 {[%clk
01:18:37]} {[%emt 00:06:18]} Qxd6 {[%clk 01:26:53]} 12. O-O-O {[%clk 01:17:04]}
{[%emt 00:02:02]} Nbd7 {[%clk 01:26:53]} {[%emt 00:00:31]} 13. g5 {[%clk
01:16:37]} {[%emt 00:00:58]} Ng8 {[%clk 01:22:41]} {[%emt 00:04:36]} 14. f4
{[%clk 01:13:55]} {[%emt 00:03:17]} Ne7 {[%clk 01:22:06]} {[%emt 00:01:04]} 15.
Rdg1 {[%clk 01:11:04]} {[%emt 00:03:22]} h5 {[%clk 01:18:48]} {[%emt 00:03:48]}
16. Nb1 {[%clk 01:02:11]} {[%emt 00:09:24]} O-O-O {[%clk 01:03:32]} {[%emt
00:15:45]} 17. Nd2 {[%clk 01:01:29]} {[%emt 00:01:12]} Rdg8 {[%clk 00:56:18]}
{[%emt 00:07:44]} 18. Ng3 {[%clk 00:57:16]} {[%emt 00:04:43]} g6 {[%clk
00:52:20]} {[%emt 00:04:28]} 19. Rf1 {[%clk 00:54:24]} {[%emt 00:03:22]} Nf5
{[%clk 00:51:23]} {[%emt 00:01:27]} 20. Rh3 {[%clk 00:54:12]} {[%emt 00:00:42]}
f6 {[%clk 00:41:45]} {[%emt 00:10:08]} 21. gxf6 {[%clk 00:43:08]} {[%emt
00:11:34]} Nxf6 {[%clk 00:40:56]} {[%emt 00:01:19]} 22. Nf3 {[%clk 00:42:35]}
{[%emt 00:01:03]} Ng4 {[%emt 00:02:45]} 23. Nxf5 {[%clk 00:30:34]} {[%emt
00:12:19]} exf5 {[%clk 00:38:18]} {[%emt 00:01:05]} 24. Ne5 {[%clk 00:29:51]}
{[%emt 00:01:12]} Qe6 {[%clk 00:37:43]} {[%emt 00:01:03]} 25. Qa3 {[%clk
00:23:31]} {[%emt 00:06:53]} Kb8 {[%clk 00:36:32]} {[%emt 00:01:40]} 26. Rg3
{[%emt 00:17:04]} Rc8 {[%clk 00:25:55]} 27. c3 {[%clk 00:13:16]} {[%emt
00:05:18]} Rc7 {[%clk 00:21:29]} {[%emt 00:04:54]} 28. Kd2 {[%clk 00:08:03]}
{[%emt 00:05:45]} Rg8 {[%clk 00:19:12]} {[%emt 00:02:47]} 29. Ke2 {[%clk
00:04:21]} {[%emt 00:04:13]} Rgc8 {[%clk 00:14:00]} {[%emt 00:05:32]} 30. b4
{[%clk 00:03:52]} {[%emt 00:01:08]} Nxe5 {[%clk 00:14:01]} {[%emt 00:00:29]}
31. fxe5 {[%clk 00:03:53]} {[%emt 00:00:29]} Rg8 {[%clk 00:13:28]} {[%emt
00:01:00]} 32. Rf4 {[%clk 00:02:41]} {[%emt 00:01:45]} Rgc8 {[%clk 00:13:23]}
{[%emt 00:00:30]} 33. Qc1 {[%clk 00:01:39]} {[%emt 00:01:38]} Rg8 {[%clk
00:12:50]} {[%emt 00:00:53]} 34. Kf3 {[%clk 00:01:15]} {[%emt 00:01:04]} b6
{[%clk 00:12:41]} {[%emt 00:00:38]} 35. Qd2 {[%clk 00:01:10]} {[%emt 00:00:36]}
c5 {[%clk 00:12:38]} {[%emt 00:00:33]} 36. bxc5 {[%clk 00:01:00]} {[%emt
00:00:41]} bxc5 {[%clk 00:12:54]} {[%emt 00:00:13]} 37. Rg1 {[%clk 00:01:02]}
{[%emt 00:00:27]} Rgg7 {[%clk 00:11:14]} {[%emt 00:02:09]} 38. dxc5 {[%clk
00:01:03]} {[%emt 00:00:31]} Qxe5 {[%clk 00:10:18]} {[%emt 00:01:25]} 39. Rb1+
{[%clk 00:01:08]} {[%emt 00:00:25]} Rb7 {[%clk 00:10:30]} {[%emt 00:00:18]} 40.
Rfb4 {[%clk 00:01:01]} {[%emt 00:00:37]} Ka8 {[%clk 00:09:55]} {[%emt
00:01:04]} 41. c6 {[%clk 00:00:31]} {[%emt 00:01:00]} Rxb4 {[%clk 00:10:01]}
{[%emt 00:00:24]} 42. Rxb4 {[%clk 00:29:19]} {[%emt 00:01:44]} Rc7 {[%clk
00:39:28]} {[%emt 00:00:56]} 43. Qe2 {[%clk 00:26:18]} {[%emt 00:03:36]} Rxc6
{[%clk 00:35:32]} {[%emt 00:04:25]} 44. Qb5 {[%clk 00:23:18]} {[%emt 00:03:30]}
Rb6 {[%clk 00:35:38]} {[%emt 00:00:24]} 45. Qc5 {[%clk 00:23:17]} {[%emt
00:00:32]} Kb7 {[%clk 00:34:20]} {[%emt 00:01:48]} 46. Rd4 {[%clk 00:23:06]}
{[%emt 00:00:41]} Qe6 {[%clk 00:22:26]} {[%emt 00:12:25]} 47. a4 {[%clk
00:18:11]} {[%emt 00:05:25]} a6 {[%clk 00:21:01]} {[%emt 00:01:55]} 48. Rxd5
{[%clk 00:07:19]} {[%emt 00:11:22]} Qe4+ {[%clk 00:21:16]} {[%emt 00:00:13]}
49. Ke2 {[%clk 00:05:57]} {[%emt 00:01:54]} Rb2+ {[%clk 00:21:34]} {[%emt
00:00:10]} 50. Rd2 {[%clk 00:06:04]} {[%emt 00:00:24]} Qg2+ {[%clk 00:21:50]}
{[%emt 00:00:14]} 51. Kd3 {[%clk 00:06:24]} {[%emt 00:00:11]} Rxd2+ {[%clk
00:22:15]} {[%emt 00:00:05]} 52. Kc4 {[%clk 00:06:41]} {[%emt 00:00:13]} Qc6
{[%clk 00:22:39]} {[%emt 00:00:04]} 0-1

[Event "DEM U12 2021"]
[Site "Willingen GER"]
[Date "2021.08.29"]
[Round "9"]
[White "Aniol, Nico"]
[Black "Schuricht, Emil Frederick"]
[Result "1/2-1/2"]
[Termination "normal"]
[Board "11"]
[WhiteElo "1448"]
[BlackElo "1422"]
[WhiteClock "00:28:46"]
[BlackClock "00:06:41"]
[PlyCount "66"]
[WhiteFideId "16287096"]
[BlackFideId "16270185"]
[EventCountry "GER"]
[EventRounds "9"]
[EventType "swiss"]
[EventDate "2021.08.22"]

1. Nf3 {[%clk 01:30:58]} {[%emt 00:00:02]} Nf6 {[%clk 01:30:20]} {[%emt
00:00:39]} 2. g3 {[%clk 01:31:09]} {[%emt 00:00:20]} g6 {[%clk 01:30:44]}
{[%emt 00:00:06]} 3. Bg2 {[%clk 01:31:13]} {[%emt 00:00:24]} Bg7 {[%clk
01:31:07]} {[%emt 00:00:08]} 4. O-O {[%clk 01:31:29]} {[%emt 00:00:14]} O-O
{[%clk 01:31:24]} {[%emt 00:00:13]} 5. d3 {[%clk 01:31:12]} {[%emt 00:00:48]}
d6 {[%clk 01:31:15]} {[%emt 00:00:39]} 6. e4 {[%clk 01:30:22]} {[%emt
00:01:19]} c5 {[%clk 01:29:41]} {[%emt 00:02:05]} 7. Nc3 {[%clk 01:28:37]}
{[%emt 00:02:15]} Nc6 {[%clk 01:28:10]} {[%emt 00:01:59]} 8. h3 {[%clk
01:27:18]} {[%emt 00:01:50]} Rb8 {[%clk 01:24:13]} {[%emt 00:04:28]} 9. a4
{[%clk 01:24:51]} {[%emt 00:02:57]} a6 {[%clk 01:24:01]} {[%emt 00:00:42]} 10.
Be3 {[%clk 01:22:03]} {[%emt 00:03:24]} b5 {[%clk 01:22:01]} {[%emt 00:02:22]}
11. axb5 {[%clk 01:22:03]} {[%emt 00:00:30]} axb5 {[%clk 01:22:13]} {[%emt
00:00:18]} 12. Nd2 {[%clk 01:20:36]} {[%emt 00:01:57]} b4 {[%clk 01:20:31]}
{[%emt 00:02:08]} 13. Ne2 {[%clk 01:19:48]} {[%emt 00:01:22]} Nd7 {[%clk
01:13:26]} {[%emt 00:07:36]} 14. c3 {[%clk 01:17:22]} {[%emt 00:02:56]} Bb7
{[%clk 01:07:13]} {[%emt 00:06:43]} 15. Qc2 {[%clk 01:15:17]} {[%emt 00:02:34]}
Nb6 {[%clk 01:02:01]} {[%emt 00:05:43]} 16. f4 {[%clk 01:11:52]} {[%emt
00:03:55]} Qc7 {[%clk 00:59:45]} {[%emt 00:02:42]} 17. d4 {[%clk 01:02:04]}
{[%emt 00:10:21]} cxd4 {[%clk 00:56:21]} {[%emt 00:03:54]} 18. cxd4 {[%clk
01:02:22]} {[%emt 00:00:14]} Rfc8 {[%clk 00:54:42]} {[%emt 00:02:06]} 19. Rfc1
{[%clk 01:01:27]} {[%emt 00:01:27]} Qd8 {[%clk 00:47:36]} {[%emt 00:07:35]} 20.
Qd1 {[%clk 01:00:14]} {[%emt 00:01:43]} e6 {[%clk 00:42:44]} {[%emt 00:05:22]}
21. Kh2 {[%clk 00:51:55]} {[%emt 00:08:50]} Ra8 {[%clk 00:37:34]} {[%emt
00:05:40]} 22. Rxa8 {[%clk 00:48:31]} {[%emt 00:03:54]} Rxa8 {[%clk 00:37:50]}
{[%emt 00:00:14]} 23. Qb3 {[%clk 00:48:40]} {[%emt 00:00:20]} d5 {[%clk
00:34:08]} {[%emt 00:04:13]} 24. exd5 {[%clk 00:41:48]} {[%emt 00:07:22]} Nxd5
{[%clk 00:26:36]} {[%emt 00:08:02]} 25. Bxd5 {[%clk 00:42:08]} {[%emt
00:00:10]} Qxd5 {[%clk 00:25:48]} {[%emt 00:01:18]} 26. Qxd5 {[%clk 00:42:32]}
{[%emt 00:00:06]} exd5 {[%clk 00:26:13]} {[%emt 00:00:04]} 27. Kg2 {[%clk
00:41:16]} {[%emt 00:01:47]} f6 {[%clk 00:25:15]} {[%emt 00:01:28]} 28. Nb3
{[%clk 00:40:34]} {[%emt 00:01:11]} Bf8 {[%clk 00:25:24]} {[%emt 00:00:21]} 29.
Nc5 {[%clk 00:37:02]} {[%emt 00:19:53]} Bxc5 {[%clk 00:25:43]} 30. Rxc5 {[%clk
00:37:12]} Ra2 {[%clk 00:24:02]} 31. Rc2 {[%clk 00:33:46]} Na5 32. Nc1 {[%clk
00:29:40]} {[%emt 00:03:08]} b3 {[%clk 00:16:19]} {[%emt 00:00:58]} 33. Rf2
{[%clk 00:28:46]} {[%emt 00:01:24]} Nc4 {[%clk 00:06:41]} {[%emt 00:10:09]}
1/2-1/2

[Event "DEM U12 2021"]
[Site "Willingen GER"]
[Date "2021.08.29"]
[Round "9"]
[White "Kuhlmann, Nils Magnus"]
[Black "Burkart, Lloyd Shang"]
[Result "0-1"]
[Termination "normal"]
[Board "12"]
[WhiteElo "1224"]
[BlackElo "1569"]
[WhiteClock "01:08:42"]
[BlackClock "00:56:55"]
[PlyCount "36"]
[WhiteFideId "16287177"]
[BlackFideId "16239059"]
[EventCountry "GER"]
[EventRounds "9"]
[EventType "swiss"]
[EventDate "2021.08.22"]

1. e4 {[%clk 01:30:59]} {[%emt 00:00:01]} c5 {[%clk 01:30:57]} {[%emt
00:00:03]} 2. Nf3 {[%clk 01:31:26]} {[%emt 00:00:03]} d6 {[%clk 01:30:58]}
{[%emt 00:00:29]} 3. d4 {[%clk 01:31:51]} {[%emt 00:00:06]} cxd4 {[%clk
01:31:23]} {[%emt 00:00:03]} 4. Nxd4 {[%clk 01:32:17]} {[%emt 00:00:05]} Nf6
{[%clk 01:31:46]} {[%emt 00:00:07]} 5. Nc3 {[%clk 01:32:42]} {[%emt 00:00:05]}
a6 {[%clk 01:32:13]} {[%emt 00:00:03]} 6. Qf3 {[%clk 01:32:41]} {[%emt
00:00:31]} Qc7 {[%clk 01:32:21]} {[%emt 00:00:22]} 7. Bd3 {[%clk 01:29:08]}
{[%emt 00:04:02]} Nc6 {[%clk 01:30:06]} {[%emt 00:02:46]} 8. Be3 {[%clk
01:27:30]} {[%emt 00:02:08]} g6 {[%clk 01:29:07]} {[%emt 00:01:28]} 9. h3
{[%clk 01:26:53]} {[%emt 00:01:08]} Bg7 {[%clk 01:28:35]} {[%emt 00:01:00]} 10.
g4 {[%clk 01:27:05]} {[%emt 00:00:21]} O-O {[%clk 01:24:53]} {[%emt 00:04:10]}
11. Rg1 {[%clk 01:23:31]} {[%emt 00:04:04]} Bd7 {[%clk 01:14:37]} {[%emt
00:10:47]} 12. h4 {[%clk 01:22:31]} {[%emt 00:01:29]} Ne5 {[%clk 01:13:41]}
{[%emt 00:01:26]} 13. Qe2 {[%clk 01:16:36]} {[%emt 00:06:26]} Nfxg4 {[%clk
01:09:09]} {[%emt 00:05:02]} 14. f4 {[%clk 01:14:01]} {[%emt 00:03:05]} Nxe3
{[%clk 01:07:35]} {[%emt 00:02:03]} 15. fxe5 {[%clk 01:13:17]} {[%emt
00:01:15]} dxe5 {[%clk 01:06:22]} {[%emt 00:01:42]} 16. Nb3 {[%clk 01:12:21]}
{[%emt 00:01:27]} Bh6 {[%clk 00:58:20]} {[%emt 00:08:32]} 17. Rg3 {[%clk
01:08:42]} {[%emt 00:04:09]} Qb6 {[%clk 00:57:41]} {[%emt 00:01:08]} 18. Na4
{[%emt 00:01:12]} Bxa4 {[%clk 00:56:55]} {[%emt 00:01:15]} 0-1

[Event "DEM U12 2021"]
[Site "Willingen GER"]
[Date "2021.08.29"]
[Round "9"]
[White "Shkundin, Maximilian"]
[Black "Kullmann, Max"]
[Result "0-1"]
[Termination "normal"]
[Board "13"]
[WhiteElo "1263"]
[BlackElo "1411"]
[WhiteClock "00:56:32"]
[BlackClock "00:07:18"]
[PlyCount "70"]
[WhiteFideId "16287258"]
[BlackFideId "16218574"]
[EventCountry "GER"]
[EventRounds "9"]
[EventType "swiss"]
[EventDate "2021.08.22"]

1. e4 {[%clk 01:30:58]} {[%emt 00:00:01]} d5 {[%clk 01:30:56]} {[%emt
00:00:04]} 2. exd5 {[%clk 01:31:23]} {[%emt 00:00:05]} Qxd5 {[%clk 01:31:20]}
{[%emt 00:00:06]} 3. Nf3 {[%clk 01:31:47]} {[%emt 00:00:06]} Nf6 {[%clk
01:30:27]} {[%emt 00:01:24]} 4. d4 {[%clk 01:31:42]} {[%emt 00:00:34]} c6
{[%clk 01:29:45]} {[%emt 00:01:12]} 5. Be2 {[%clk 01:32:03]} {[%emt 00:00:09]}
Bf5 {[%clk 01:27:36]} {[%emt 00:02:38]} 6. O-O {[%clk 01:32:00]} {[%emt
00:00:32]} e6 {[%clk 01:25:35]} {[%emt 00:02:41]} 7. c4 {[%clk 01:32:20]} Qa5
{[%clk 01:22:20]} {[%emt 00:03:46]} 8. Nc3 {[%clk 01:32:29]} {[%emt 00:00:21]}
Nbd7 {[%clk 01:21:50]} {[%emt 00:01:01]} 9. Bf4 {[%clk 01:32:42]} {[%emt
00:00:16]} Qb4 {[%clk 01:18:14]} {[%emt 00:04:06]} 10. Qd2 {[%clk 01:32:15]}
{[%emt 00:00:57]} Bd6 {[%clk 01:16:36]} {[%emt 00:02:08]} 11. Be3 {[%clk
01:28:28]} {[%emt 00:04:22]} Qa5 {[%clk 01:06:26]} {[%emt 00:10:35]} 12. c5
{[%clk 01:27:13]} {[%emt 00:01:45]} Be7 {[%clk 01:01:35]} {[%emt 00:05:20]} 13.
a3 {[%clk 01:27:30]} {[%emt 00:00:13]} Qc7 {[%clk 00:57:58]} {[%emt 00:04:07]}
14. b4 {[%clk 01:27:25]} {[%emt 00:00:35]} Ne4 {[%clk 00:53:15]} {[%emt
00:05:13]} 15. Nxe4 {[%clk 01:26:05]} {[%emt 00:01:49]} Bxe4 {[%clk 00:53:20]}
{[%emt 00:00:25]} 16. a4 {[%clk 01:26:24]} {[%emt 00:00:12]} Nf6 {[%clk
00:41:31]} {[%emt 00:12:19]} 17. b5 {[%clk 01:25:09]} {[%emt 00:01:46]} Ng4
{[%clk 00:40:38]} {[%emt 00:01:23]} 18. Bf4 {[%clk 01:23:17]} {[%emt 00:02:20]}
Qd7 {[%clk 00:37:02]} {[%emt 00:04:07]} 19. h3 {[%clk 01:21:26]} {[%emt
00:02:20]} Nf6 {[%clk 00:33:03]} {[%emt 00:04:30]} 20. Ne5 {[%clk 01:18:55]}
{[%emt 00:03:01]} Qc8 {[%clk 00:31:00]} {[%emt 00:02:31]} 21. f3 {[%clk
01:17:17]} {[%emt 00:02:09]} Bd5 {[%clk 00:28:27]} {[%emt 00:03:04]} 22. Rfb1
{[%clk 01:16:18]} {[%emt 00:01:29]} Nh5 {[%clk 00:20:40]} {[%emt 00:08:18]} 23.
Bh2 {[%clk 01:16:01]} {[%emt 00:00:44]} Bh4 {[%clk 00:19:48]} {[%emt 00:01:22]}
24. Rb2 {[%clk 01:13:49]} {[%emt 00:02:44]} Ng3 {[%clk 00:17:26]} {[%emt
00:02:52]} 25. Rab1 {[%clk 01:12:40]} {[%emt 00:01:39]} O-O {[%clk 00:09:44]}
{[%emt 00:08:13]} 26. bxc6 {[%clk 01:09:36]} {[%emt 00:03:33]} Bxc6 {[%clk
00:09:40]} {[%emt 00:00:34]} 27. Nxc6 {[%clk 01:09:06]} {[%emt 00:01:00]} bxc6
{[%clk 00:10:00]} {[%emt 00:00:11]} 28. Bc4 {[%clk 01:08:28]} {[%emt 00:01:06]}
Qd8 {[%clk 00:08:26]} {[%emt 00:02:05]} 29. Rb7 {[%clk 01:05:56]} {[%emt
00:03:02]} Qf6 {[%clk 00:08:17]} {[%emt 00:00:39]} 30. Rd7 {[%clk 01:02:14]}
{[%emt 00:04:11]} Rfd8 {[%clk 00:08:27]} {[%emt 00:00:21]} 31. Rbb7 {[%clk
01:02:07]} {[%emt 00:00:37]} Rxd7 {[%clk 00:08:39]} {[%emt 00:00:18]} 32. Rxd7
{[%clk 01:02:28]} {[%emt 00:00:09]} Rd8 {[%clk 00:08:54]} {[%emt 00:00:15]} 33.
Rxa7 {[%clk 00:58:21]} {[%emt 00:04:37]} Nf5 {[%clk 00:07:36]} {[%emt
00:16:42]} 34. Be5 Qxe5 {[%clk 00:07:24]} 35. Ra8 {[%clk 00:56:32]} Qxd4+
{[%clk 00:07:18]} 0-1

[Event "DEM U12 2021"]
[Site "Willingen GER"]
[Date "2021.08.29"]
[Round "9"]
[White "Zobel, Christian"]
[Black "Wieser, Rouven"]
[Result "1-0"]
[Termination "normal"]
[Board "14"]
[WhiteElo "1641"]
[BlackElo "1295"]
[WhiteClock "00:54:22"]
[BlackClock "00:26:14"]
[PlyCount "55"]
[WhiteFideId "16259068"]
[BlackFideId "34608761"]
[EventCountry "GER"]
[EventRounds "9"]
[EventType "swiss"]
[EventDate "2021.08.22"]

1. e4 {[%clk 01:30:57]} {[%emt 00:00:02]} e5 {[%clk 01:30:56]} {[%emt
00:00:06]} 2. Nf3 {[%clk 01:31:22]} {[%emt 00:00:04]} Nc6 {[%clk 01:31:21]}
{[%emt 00:00:05]} 3. Bc4 {[%clk 01:31:43]} {[%emt 00:00:08]} Bc5 {[%clk
01:31:46]} {[%emt 00:00:07]} 4. c3 {[%clk 01:31:59]} {[%emt 00:00:13]} Nf6
{[%clk 01:32:09]} {[%emt 00:00:07]} 5. d3 {[%clk 01:32:22]} {[%emt 00:00:07]}
d6 {[%clk 01:32:05]} {[%emt 00:00:34]} 6. O-O {[%clk 01:32:35]} {[%emt
00:00:16]} a6 {[%clk 01:32:18]} {[%emt 00:00:18]} 7. Bb3 {[%clk 01:33:00]}
{[%emt 00:00:05]} Ba7 {[%clk 01:32:40]} {[%emt 00:00:09]} 8. Nbd2 {[%clk
01:33:06]} {[%emt 00:00:22]} h6 {[%clk 01:31:32]} {[%emt 00:01:38]} 9. h3
{[%clk 01:32:26]} {[%emt 00:01:10]} g5 {[%clk 01:30:46]} {[%emt 00:01:16]} 10.
Nh2 {[%clk 01:22:54]} {[%emt 00:10:02]} h5 {[%clk 01:22:30]} {[%emt 00:08:46]}
11. Ndf3 {[%clk 01:21:10]} {[%emt 00:02:14]} g4 {[%clk 01:14:03]} {[%emt
00:08:58]} 12. Ng5 {[%clk 01:16:07]} {[%emt 00:05:32]} g3 {[%clk 01:08:23]}
{[%emt 00:06:11]} 13. Nxf7 {[%clk 01:14:48]} {[%emt 00:01:48]} gxf2+ {[%clk
01:03:49]} {[%emt 00:05:06]} 14. Kh1 {[%clk 01:13:30]} {[%emt 00:01:47]} Qd7
{[%clk 01:01:44]} {[%emt 00:02:36]} 15. Nxh8 {[%clk 01:10:32]} {[%emt
00:03:27]} Qg7 {[%clk 00:49:12]} {[%emt 00:13:02]} 16. Nf7 {[%clk 01:04:57]}
{[%emt 00:06:05]} d5 {[%clk 00:39:53]} {[%emt 00:09:49]} 17. exd5 {[%clk
01:00:34]} {[%emt 00:04:52]} Qxf7 {[%clk 00:36:56]} {[%emt 00:03:27]} 18. dxc6
{[%clk 01:00:37]} {[%emt 00:00:28]} Qg7 {[%clk 00:37:10]} {[%emt 00:00:15]} 19.
Qf3 {[%clk 00:59:24]} {[%emt 00:01:43]} h4 {[%clk 00:33:26]} {[%emt 00:04:14]}
20. Be3 {[%clk 00:55:01]} {[%emt 00:04:53]} Bxe3 {[%clk 00:31:42]} {[%emt
00:02:11]} 21. Qxe3 {[%clk 00:55:24]} {[%emt 00:00:11]} Nh5 {[%clk 00:30:45]}
{[%emt 00:01:25]} 22. Rxf2 {[%clk 00:55:42]} {[%emt 00:00:13]} Ng3+ {[%clk
00:28:47]} {[%emt 00:02:29]} 23. Kg1 {[%clk 00:55:00]} {[%emt 00:01:12]} Nf5
{[%clk 00:27:52]} {[%emt 00:01:24]} 24. Qe4 {[%clk 00:53:23]} {[%emt 00:02:08]}
Ng3 {[%clk 00:27:19]} {[%emt 00:01:03]} 25. cxb7 {[%clk 00:53:18]} {[%emt
00:00:35]} Nxe4 {[%clk 00:25:56]} {[%emt 00:01:52]} 26. bxa8=Q {[%clk
00:53:30]} {[%emt 00:00:19]} Nxf2 {[%emt 00:00:36]} 27. Qxc8+ {[%clk 00:53:55]}
{[%emt 00:00:02]} Ke7 {[%clk 00:26:14]} {[%emt 00:00:08]} 28. Qxc7+ {[%clk
00:54:22]} {[%emt 00:00:04]} 1-0

[Event "DEM U12 2021"]
[Site "Willingen GER"]
[Date "2021.08.29"]
[Round "9"]
[White "Engel, Bruno"]
[Black "Nönnig, Jakob"]
[Result "1/2-1/2"]
[Termination "normal"]
[Board "15"]
[WhiteElo "1660"]
[BlackElo "1442"]
[WhiteClock "00:27:29"]
[BlackClock "00:17:14"]
[PlyCount "84"]
[WhiteFideId "34609008"]
[BlackFideId "16289447"]
[EventCountry "GER"]
[EventRounds "9"]
[EventType "swiss"]
[EventDate "2021.08.22"]

1. e4 {[%clk 01:30:58]} {[%emt 00:00:01]} e5 {[%clk 01:30:54]} {[%emt
00:00:06]} 2. Nf3 {[%clk 01:31:19]} {[%emt 00:00:08]} Nc6 {[%clk 01:31:16]}
{[%emt 00:00:09]} 3. Bb5 {[%clk 01:31:37]} {[%emt 00:00:12]} a6 {[%clk
01:31:30]} {[%emt 00:00:17]} 4. Ba4 {[%clk 01:31:54]} {[%emt 00:00:12]} Nf6
{[%clk 01:31:38]} {[%emt 00:00:21]} 5. O-O {[%clk 01:31:20]} {[%emt 00:01:04]}
Be7 {[%clk 01:31:49]} {[%emt 00:00:19]} 6. d3 {[%clk 01:30:45]} {[%emt
00:01:05]} b5 {[%clk 01:31:02]} {[%emt 00:01:18]} 7. Bb3 {[%clk 01:31:07]}
{[%emt 00:00:09]} d6 {[%clk 01:30:26]} {[%emt 00:01:05]} 8. c3 {[%clk
01:30:13]} {[%emt 00:01:23]} O-O {[%clk 01:29:13]} {[%emt 00:01:43]} 9. Re1
{[%clk 01:30:03]} {[%emt 00:00:40]} Na5 {[%clk 01:23:52]} {[%emt 00:05:51]} 10.
Bc2 {[%clk 01:26:33]} {[%emt 00:03:59]} c5 {[%clk 01:21:42]} {[%emt 00:02:41]}
11. Nbd2 {[%clk 01:23:47]} {[%emt 00:03:15]} Qc7 {[%clk 01:18:56]} {[%emt
00:03:17]} 12. Nf1 {[%clk 01:21:45]} {[%emt 00:02:32]} Bd7 {[%clk 01:08:25]}
{[%emt 00:11:01]} 13. Bg5 {[%clk 01:14:45]} {[%emt 00:07:30]} Rfe8 {[%clk
01:03:25]} {[%emt 00:05:30]} 14. Ng3 {[%clk 01:09:36]} {[%emt 00:05:38]} g6
{[%clk 00:58:33]} {[%emt 00:05:23]} 15. Qd2 {[%clk 01:05:30]} {[%emt 00:04:35]}
Nc6 {[%clk 00:54:46]} {[%emt 00:04:18]} 16. h4 {[%clk 01:02:41]} {[%emt
00:03:19]} Kh8 {[%clk 00:48:37]} {[%emt 00:06:39]} 17. Rac1 {[%clk 00:54:50]}
{[%emt 00:08:21]} Ng8 {[%clk 00:45:39]} {[%emt 00:03:28]} 18. d4 {[%clk
00:51:25]} {[%emt 00:03:54]} Rad8 {[%clk 00:42:24]} {[%emt 00:03:45]} 19. d5
{[%clk 00:47:38]} {[%emt 00:04:18]} Na5 {[%clk 00:41:22]} {[%emt 00:01:32]} 20.
b3 {[%clk 00:46:30]} {[%emt 00:01:38]} Rc8 {[%clk 00:37:15]} {[%emt 00:04:38]}
21. h5 {[%clk 00:42:23]} {[%emt 00:04:36]} Bg4 {[%clk 00:30:22]} {[%emt
00:07:19]} 22. hxg6 {[%clk 00:40:42]} {[%emt 00:02:14]} fxg6 {[%clk 00:29:25]}
{[%emt 00:01:28]} 23. Be3 {[%clk 00:37:41]} {[%emt 00:03:30]} Rf8 {[%clk
00:22:00]} {[%emt 00:07:56]} 24. Nh2 {[%clk 00:34:12]} {[%emt 00:18:39]} Bd7
{[%clk 00:21:47]} 25. f3 {[%clk 00:32:36]} Bh4 {[%clk 00:20:09]} 26. Nhf1
{[%clk 00:27:39]} Qd8 27. Bf2 {[%clk 00:26:05]} Bg5 {[%clk 00:18:18]} {[%emt
00:00:39]} 28. Be3 {[%clk 00:25:12]} {[%emt 00:01:23]} Bf4 {[%clk 00:17:57]}
{[%emt 00:00:51]} 29. Bxf4 {[%clk 00:24:08]} {[%emt 00:01:34]} Rxf4 {[%clk
00:11:08]} {[%emt 00:07:19]} 30. Ne3 {[%emt 00:02:50]} Rh4 {[%clk 00:11:05]}
31. Kf2 {[%clk 00:20:38]} {[%emt 00:02:11]} Qg5 {[%clk 00:09:52]} {[%emt
00:01:43]} 32. Rh1 {[%clk 00:18:28]} {[%emt 00:02:41]} Rf4 {[%clk 00:08:34]}
{[%emt 00:01:49]} 33. c4 {[%clk 00:15:09]} {[%emt 00:03:49]} Nb7 {[%clk
00:07:48]} {[%emt 00:01:15]} 34. Nef1 {[%clk 00:14:15]} {[%emt 00:01:23]} Rcf8
{[%clk 00:07:10]} {[%emt 00:01:09]} 35. Kg1 {[%clk 00:13:29]} {[%emt 00:01:16]}
Qe7 {[%clk 00:02:58]} {[%emt 00:04:42]} 36. Qf2 {[%clk 00:12:27]} {[%emt
00:01:32]} Qf7 {[%clk 00:01:18]} {[%emt 00:02:10]} 37. Ne2 {[%clk 00:09:36]}
{[%emt 00:03:20]} Rg4 {[%clk 00:01:26]} {[%emt 00:00:23]} 38. Ne3 {[%clk
00:08:13]} {[%emt 00:01:53]} Rg5 {[%clk 00:01:23]} {[%emt 00:00:33]} 39. Rf1
{[%clk 00:08:15]} {[%emt 00:00:27]} Kg7 {[%clk 00:00:47]} {[%emt 00:01:06]} 40.
f4 {[%clk 00:06:34]} {[%emt 00:02:12]} exf4 {[%clk 00:00:43]} {[%emt 00:00:35]}
41. Nxf4 {[%clk 00:06:24]} {[%emt 00:00:40]} h6 {[%clk 00:24:13]} {[%emt
00:07:00]} 42. Qh4 {[%clk 00:27:29]} {[%emt 00:09:25]} Qe7 {[%clk 00:17:14]}
{[%emt 00:07:28]} 1/2-1/2